Top 15 Covid-19 getroffen landen - 5 juli - Statistieken

Algemene statistieken
  • Deze quiz is 4 keer genomen
  • De gemiddelde score is 8 van 25
Antwoordstatistieken
land % Correct
Brazilië
75%
Duitsland
75%
Italië
75%
Rusland
75%
Verenigde Staten
75%
Verenigd Koninkrijk
75%
India
50%
Mexico
50%
Peru
50%
Spanje
50%
Iran
25%
Oman
25%
Qatar
25%
Saoedi-Arabië
25%
Armenië
0%
Bahrein
0%
Chili
0%
Chili
0%
Koeweit
0%
Pakistan
0%
Panama
0%
Singapore
0%
Turkije
0%
Wit-Rusland
0%
Zweden
0%
Geen overeenkomende quizzen gevonden
Scoreverdeling
Procent van Mensen met Elke Score
Percentiel versus Aantal Correcte Antwoorden
Uw Scoregeschiedenis
U heeft deze quiz nog niet genomen